Music Quiz

Random Music or Clickable Quiz

Gender in Song Titles Quiz Stats

 Plays Quiz Updated Apr 18, 2018

Challenge
Share
Tweet
Embed
Score 0/50 Timer 06:00
3 Plays Today
Question Answer Wrong Answers
_____ Just Want To Have Fun
Cyndi Lauper (1983)
Girls
92.5%
Boys
0.9%
Dancing _____
ABBA (1976)
Queen
92.4%
King
0.9%
_____ In The Mirror
Michael Jackson (1988)
Man
92%
Woman
1.3%
Fat Bottomed _____
Queen (1978)
Girls
90.4%
Boys
2.9%
It's Raining _____
The Weather Girls (1982)
Men
90.1%
Women
3.1%
The _____ Are Back In Town
Thin Lizzy (1976)
Boys
89.7%
Girls
3.6%
_____ Of The Road
Roger Miller (1965)
King
89.6%
Queen
3.7%
I Kissed A _____
Katy Perry (2008)
Girl
89.5%
Boy
3.8%
_____ On Fire
Alicia Keys (2012)
Girl
88.2%
Boy
5.2%
Have You Ever Really Loved A _____?
Bryan Adams (1995)
Woman
87.4%
Man
5.9%
American _____
The Guess Who (1970)
Woman
87%
Man
6.2%
Ramblin' _____
The Allman Brothers Band (1973)
Man
86.8%
Woman
6.2%
California _____
The Beach Boys (1965)
Girls
86.6%
Boys
6.9%
Coal Miner's _____
Loretta Lynn (1970)
Daughter
85.8%
Son
7.4%
Black Magic _____
Santana (1970)
Woman
85.5%
Man
7.7%
If I Were A _____
Beyoncé (2008)
Boy
85.4%
Girl
8%
Fortunate _____
Creedence Clearwater Revival (1969)
Son
84.9%
Daughter
8.4%
L.A. _____
The Doors (1971)
Woman
84%
Man
9%
No _____, No Cry
Bob Marley & The Wailers (1975)
Woman
84%
Man
9.2%
Soul _____
Sam & Dave (1967)
Man
83.8%
Woman
9.5%
The Rubberband _____
The Spinners (1976)
Man
83.7%
Woman
9.3%
Big _____ Don't Cry
Fergie (2007)
Girls
83.6%
Boys
9.8%
_____ Was A Rollin' Stone
The Temptations (1972)
Papa
82.9%
Mama
10.4%
The _____ From Ipanema
Astrud Gilberto (1964)
Girl
81.9%
Boy
11.2%
Secret Agent _____
Johnny Rivers (1966)
Man
81.5%
Woman
11.6%
_____ Of Hearts
Juice Newton (1981)
Queen
80.7%
King
12.6%
Smokin' In The _____ Room
Brownsville Station (1973)
Boy's
80.1%
Girl's
13.3%
Sharp Dressed _____
ZZ Top (1983)
Man
79.8%
Woman
13.3%
The _____ Of Summer
Don Henley (1984)
Boys
77.6%
Girls
15.6%
St. Elmo's Fire (_____ in Motion)
John Parr (1985)
Man
76.3%
Woman
16.8%
A _____ Named Sue
Johnny Cash (1969)
Boy
75.8%
Girl
17.6%
_____ Don't Cry
The Cure (1979)
Boys
75.4%
Girls
18%
_____ Told Me (Not To Come)
Three Dog Night (1970)
Mama
75.3%
Papa
18.2%
Let's Hear It For The _____
Deniece Williams (1984)
Boy
75%
Girl
18.3%
Rainy Day _____ #12 & 35
Bob Dylan (1966)
Women
74%
Men
19%
Dangerous _____
Ariana Grande (2016)
Woman
72.9%
Man
20.2%
Bad _____
Inner Circle (1987)
Boys
72.1%
Girls
21.1%
Tarzan _____
Baltimora (1985)
Boy
69.3%
Girl
23.8%
Rude _____
Rihanna (2010)
Boy
68.3%
Girl
25.2%
_____ Crush
Little Big Town (2014)
Girl
68%
Boy
25.1%
Magic _____
Heart (1975)
Man
65.4%
Woman
27.7%
Surfer _____
The Beach Boys (1963)
Girl
64.2%
Boy
29.2%
Bad _____
Donna Summer (1979)
Girls
56.1%
Boys
37.2%
Lonely _____
Andrew Gold (1977)
Boy
55.6%
Girl
37.6%
Naughty _____
Beyoncé (2004)
Girl
52.4%
Boy
40.8%
West End _____
Pet Shop Boys (1984)
Girls
49.1%
Boys
44.5%
_____ Of Anything
Sara Bareilles (2010)
King
45.6%
Queen
47.5%
Clean Up _____
Betty Wright (1971)
Woman
40.6%
Man
52.4%
You Are The _____
Firefall (1976)
Woman
37.4%
Man
55.6%
_____ Wanna Be Her
Peaches (2006)
Boys
15.8%
Girls
77.4%

You're not logged in!

Compare scores with friends on all Sporcle quizzes.
Join for Free
OR
Log In

You Might Also Like...

Show Comments

Extras

Top Quizzes Today


Score Distribution

Your Account Isn't Verified!

In order to create a playlist on Sporcle, you need to verify the email address you used during registration. Go to your Sporcle Settings to finish the process.

Report this User

Report this user for behavior that violates our Community Guidelines.

Details: